| 000 | 00976cam a2200337Ia 4500 | ||
|---|---|---|---|
| 001 | 43425 | ||
| 005 | 20230410105520.0 | ||
| 008 | 821207s1980 sp 000 0 spa d | ||
| 035 | _a(OCoLC)ocm09028003 | ||
| 040 |
_aDZM _cDZM _dOCL _dOCLCQ _dDRFGD |
||
| 020 | _a8427005512 | ||
| 020 | _a9788427005518 | ||
| 035 | _a(OCoLC)9028003 | ||
| 041 | 1 |
_aspa _hfre |
|
| 043 | _ad------ | ||
| 050 | 1 | 4 |
_aHC 59.7 _bD893e 1980 |
| 082 | 0 | 0 | _a335 |
| 100 | 1 |
_aDumont, René, _d1904- |
|
| 245 | 1 | 0 |
_aEcología socialista / _cRené Dumont ; tr. A. Puigrós. |
| 260 |
_aBarcelona : _bEdiciones Martínez Roca, _c1980. |
||
| 300 |
_a225 p. ; _c20 cm. |
||
| 490 | 0 |
_aColección novocurso ; _v51 |
|
| 500 | _aTranslation of: Seule une écologie socialiste. | ||
| 650 | 0 |
_aDeveloping countries _xEconomic conditions. |
|
| 650 | 0 | _aEnvironmental policy. | |
| 651 | 0 | _aDeveloping countries. | |
| 650 | 0 | _aSocialism. | |
| 942 |
_2lcc _cbk |
||
| 946 | _almminaya | ||
| 994 |
_aC0 _bDRFGD |
||
| 999 |
_c38313 _d38313 |
||